<?xml version="1.0" encoding="UTF-8"?>
<record
    xmlns:xsi="http://www.w3.org/2001/XMLSchema-instance"
    xsi:schemaLocation="http://www.loc.gov/MARC21/slim http://www.loc.gov/standards/marcxml/schema/MARC21slim.xsd"
    xmlns="http://www.loc.gov/MARC21/slim">

  <leader>00204nam a2200085   4500</leader>
  <controlfield tag="001">1258280</controlfield>
  <controlfield tag="005">20260304124012.0</controlfield>
  <datafield tag="245" ind1=" " ind2=" ">
    <subfield code="a">YEN&#x130; BA&#x15E;LAYANLAR &#x130;&#xC7;&#x130;N BAH&#xC7;EC&#x130;L&#x130;K</subfield>
    <subfield code="c">EM&#x130;LY BONE</subfield>
  </datafield>
  <datafield tag="260" ind1=" " ind2=" ">
    <subfield code="b">T&#xDC;B&#x130;TAK</subfield>
  </datafield>
  <datafield tag="999" ind1=" " ind2=" ">
    <subfield code="c">1258280</subfield>
    <subfield code="d">1258280</subfield>
  </datafield>
  <datafield tag="952" ind1=" " ind2=" ">
    <subfield code="0">0</subfield>
    <subfield code="1">0</subfield>
    <subfield code="2">ddc</subfield>
    <subfield code="4">0</subfield>
    <subfield code="7">0</subfield>
    <subfield code="a">1051</subfield>
    <subfield code="b">1051</subfield>
    <subfield code="d">2025-10-01</subfield>
    <subfield code="l">0</subfield>
    <subfield code="o">C1</subfield>
    <subfield code="p">105110066</subfield>
    <subfield code="r">2026-03-04 12:40:23</subfield>
    <subfield code="w">2026-03-04</subfield>
    <subfield code="y">BK</subfield>
  </datafield>
  <datafield tag="952" ind1=" " ind2=" ">
    <subfield code="0">0</subfield>
    <subfield code="1">0</subfield>
    <subfield code="2">ddc</subfield>
    <subfield code="4">0</subfield>
    <subfield code="7">0</subfield>
    <subfield code="a">1051</subfield>
    <subfield code="b">1051</subfield>
    <subfield code="d">2025-10-01</subfield>
    <subfield code="l">0</subfield>
    <subfield code="o">C1</subfield>
    <subfield code="p">105110067</subfield>
    <subfield code="r">2026-03-04 12:44:44</subfield>
    <subfield code="w">2026-03-04</subfield>
    <subfield code="y">BK</subfield>
  </datafield>
</record>
